Las zonas de empleo y desarrollo económico (zede), y el perfeccionamiento de los mecanismos de despojo en Honduras /

সংরক্ষণ করুন:
গ্রন্থ-পঞ্জীর বিবরন
প্রধান লেখক: Torres Sandí, Daniel (Autor)
বিন্যাস: গ্রন্থ
ভাষা:Spanish
ট্যাগগুলো: ট্যাগ যুক্ত করুন
কোনো ট্যাগ নেই, প্রথমজন হিসাবে ট্যাগ করুন!

MARC

LEADER 00000nam a22000007a 4500
003 cru IIS
005 20220726135226.0
008 220726b2020 cr |||p|r|||| 00| 0 spa d
040 |c cru IIS 
100 1 |9 10624  |a Torres Sandí, Daniel  |e Autor 
245 1 4 |a Las zonas de empleo y desarrollo económico (zede), y el perfeccionamiento de los mecanismos de despojo en Honduras /   |c Daniel Torres Sandí 
300 |a páginas 97-114 
500 |a Colección Centroamérica 
773 0 |0 18728  |9 7619  |a Universidad de Costa Rica.   |d San José, Costa Rica Editorial UCR 1959-  |o 23631  |t Revista de Ciencias Sociales/  |x 04825276 
942 |2 ddc  |c PP 
999 |c 44431  |d 44431